00414nam a2200109Ia 4500008004100000100002200041245008400063260003900147440005500186650002200241856004100263171212s9999 xx 000 0 und d aGoetze, Catherine cGoetze, CatherineaThe Distinction of PeacebA Social Analysis of Peacebuilding bUniversity of Michigan Pressc2017 aConfigurations: Critical Studies Of World Politics aPolitical Science uhttp://jstor.org/stable/j.ctt1qv5nd6